<?xml version="1.0" encoding="UTF-8"?><?xml-stylesheet type="text/xsl" href="static/style.xsl"?><OAI-PMH xmlns="http://www.openarchives.org/OAI/2.0/" xmlns:xsi="http://www.w3.org/2001/XMLSchema-instance" xsi:schemaLocation="http://www.openarchives.org/OAI/2.0/ http://www.openarchives.org/OAI/2.0/OAI-PMH.xsd"><responseDate>2026-04-26T21:58:07Z</responseDate><request verb="GetRecord" identifier="oai:uvadoc.uva.es:10324/47751" metadataPrefix="marc">https://uvadoc.uva.es/oai/request</request><GetRecord><record><header><identifier>oai:uvadoc.uva.es:10324/47751</identifier><datestamp>2021-07-29T20:51:07Z</datestamp><setSpec>com_10324_38</setSpec><setSpec>col_10324_852</setSpec></header><metadata><record xmlns="http://www.loc.gov/MARC21/slim" xmlns:doc="http://www.lyncode.com/xoai" xmlns:xsi="http://www.w3.org/2001/XMLSchema-instance" xmlns:dcterms="http://purl.org/dc/terms/" xsi:schemaLocation="http://www.loc.gov/MARC21/slim http://www.loc.gov/standards/marcxml/schema/MARC21slim.xsd">
<leader>00925njm 22002777a 4500</leader>
<datafield tag="042" ind1=" " ind2=" ">
<subfield code="a">dc</subfield>
</datafield>
<datafield tag="720" ind1=" " ind2=" ">
<subfield code="a">Díaz Caballero, Celia</subfield>
<subfield code="e">author</subfield>
</datafield>
<datafield tag="260" ind1=" " ind2=" ">
<subfield code="c">2021</subfield>
</datafield>
<datafield tag="520" ind1=" " ind2=" ">
<subfield code="a">A lo largo de la historia, la vida de las mujeres y los aportes a la historia de las mismas&#xd;
han sido ignorados. En fin del presente trabajo es luchar contra esta problemática dando&#xd;
a conocer a diferentes mujeres y sus aportes a la historia apoyándome en el libro, La&#xd;
mujer en el mundo: Atlas de la geografía feminista, de Joni Seager.&#xd;
Este trabajo, propone una Unidad Didáctica para los cursos del tercer ciclo de&#xd;
Educación Primaria. En la misma, se interrelacionan tres asignaturas: Educación Física,&#xd;
Ciencias Sociales y Tutoría. Con esto se buscará que el tema visto no se olvide y que así&#xd;
perdure en nuestro alumnado&#xd;
Todo esto irá de la mano de la Educación basada en los valores Sociales y Cívicos,&#xd;
como principal objetivo tanto en Primaria como Infantil formando integralmente al&#xd;
alumnado para que sean una parte activa de la sociedad en la que viven.</subfield>
</datafield>
<datafield tag="024" ind2=" " ind1="8">
<subfield code="a">https://uvadoc.uva.es/handle/10324/47751</subfield>
</datafield>
<datafield tag="245" ind1="0" ind2="0">
<subfield code="a">La mujer en el mundo: Atlas de la geografía feminista. Proyecto interdisciplinar entre las Ciencias Sociales y la Educación Física</subfield>
</datafield>
</record></metadata></record></GetRecord></OAI-PMH>